Sửa chữa máy đốt trong tàu thuỷ và ôtô

שמור ב:
מידע ביבליוגרפי
מחבר ראשי: Dương Đình Đối
פורמט: ספר
שפה:Undetermined
יצא לאור: Tp. Hồ Chí Minh Nông nghiệp 1998
נושאים:
תגים: הוספת תג
אין תגיות, היה/י הראשונ/ה לתייג את הרשומה!
Thư viện lưu trữ: Trung tâm Học liệu Trường Đại học Cần Thơ
LEADER 00489nam a2200157Ia 4500
001 CTU_66603
008 210402s9999 xx 000 0 und d
082 |a 621.43 
082 |b Đ452 
100 |a Dương Đình Đối 
245 0 |a Sửa chữa máy đốt trong tàu thuỷ và ôtô 
260 |a Tp. Hồ Chí Minh 
260 |b Nông nghiệp 
260 |c 1998 
650 |a internal combustion engines 
980 |a Trung tâm Học liệu Trường Đại học Cần Thơ